Statistics for Donkey Kong Country 3: Dixie Kong's Double Trouble Levels

Click here to take the quiz!

General Stats

  • This quiz has been taken 44 times
  • The average score is 15 of 48

Answer Stats

WorldLevels% Correct
Lake OrangatangaBelcha's Barn
90%
Lake OrangatangaSkidda's Row
70%
Lake OrangatangaLakeside Limbo
50%
MekanosLow-G Labyrinth
50%
Lake OrangatangaMurky Mill
50%
Kremwood ForestRiverside Race
50%
Kremwood ForestSqueals On Wheels
50%
Lake OrangatangaDoorstop Dash
40%
MekanosKAOS Karnage
40%
KAOS KoreLightning Lookout
40%
KAOS KorePoisonous Pipeline
40%
Kremwood ForestSpringin' Spiders
40%
Cotton Top CoveSquirt's Showdown
40%
Lake OrangatangaTidal Trouble
40%
Kremwood ForestArich's Ambush
30%
K3Bleak's House
30%
Kremwood ForestBobbing Barrel Brawl
30%
Razor RidgeBuzzer Barrage
30%
KrematoaCriss Kross Cliffs
30%
MekanosFire-Ball Frenzy
30%
Cotton Top CoveFish Food Frenzy
30%
KAOS KoreKoindozer Klamber
30%
KAOS KoreKonveyor Rope Klash
30%
K3Krack-Shot Kroc
30%
K3Krevice Kreepers
30%
MekanosRipsaw Rage
30%
Cotton Top CoveRocket Barrel Ride
30%
KrematoaRocket Rush
30%
KrematoaStampede Sprint
30%
KrematoaSwoopy Salvo
30%
KrematoaTyrant Twin Tussle
30%
Razor RidgeBarbos' Barrier
20%
K3Barrel Drop Bounce
20%
Kremwood ForestBarrel Shield Bust-Up
20%
Cotton Top CoveBazza's Blockade
20%
MekanosBlazing Bazukas
20%
KAOS KoreCreepy Caverns
20%
MekanosDemolition Drain-Pipe
20%
Razor RidgeFloodlit Fish
20%
KAOS KoreKastle KAOS
20%
KrematoaKnautilus
20%
Razor RidgeKong-Fused Cliffs
20%
Cotton Top CoveKreeping Klasps
20%
K3Lemguin Lunge
20%
Razor RidgePot Hole Panic
20%
Razor RidgeRopey Rumpus
20%
K3Tearaway Toboggan
20%
Cotton Top CoveTracker Barrel Trek
20%

Score Distribution

Percentile by Number Answered

Percent of People with Each Score

Your Score History

You have not taken this quiz